000 00689nam a2200205Ia 4500
005 20250303121749.0
008 210716s2007 xx 000 0 und d
020 _a9780070635869
040 _cAIMIT LIBRARY
041 _aeng
082 _a658.406
_21
_bSHAR
100 _aSharma, Radha R.
_9203397
245 _aChange management:
_bconcepts and applications /
_cBy Radha R Sharma.
250 _a1st ed.
260 _aNew Delhi :
_bTata McGraw Hill Publishing Company Ltd ;
_c2007.
300 _axvi,272p. ;
_bPB
_c22 cm.
650 _aPerspectives on organisational change
_9203398
650 _aResistance to organisational change
_9203399
942 _2ddc
_cBK
_e1st ed.
_k658.406 SHAR
999 _c208224
_d208224